000 00986cam a22002895a 4500
999 _c27417
_d27388
005 20190519091030.0
008 050201t2005 nyua frb 001 0 eng d
020 _a0387245154
020 _a9780387245157
040 _aDLC
_beng
_cDLC
_dDLC
_dEG-ScBUE
_dEG-ScBUE
082 0 4 _a006.42
_bFUZ
_222
245 0 0 _aFuzzy models and algorithms for pattern recognition and image processing /
_cJames C. Bezdek ... [et al.].
260 _aNew York :
_bSpringer,
_cc.2005.
300 _axv, 776 p. :
_bill. ;
_c24 cm.
490 0 _aHandbooks of fuzzy sets series
504 _aIncludes bibliographical references and index.
541 _aBaccah ;
650 7 _aOptical pattern recognition.
_2BUEsh
650 7 _aFuzzy algorithms.
_2BUEsh
650 7 _aCluster analysis.
_2BUEsh
650 7 _aImage processing.
_2BUEsh
_936950
650 7 _aComputer vision.
_2BUEsh
_918312
651 _2BUEsh
653 _bCOMSCI
_cApril2019
700 1 _aBezdek, James C.,
_d1939-
942 _2ddc